Normal view
MARC view
Entry Personal Name
001 - CONTROL NUMBER
- control field: 36931
003 - CONTROL NUMBER IDENTIFIER
- control field: OSt
005 - DATE AND TIME OF LATEST TRANSACTION
- control field: 20211105135916.0
008 - FIXED-LENGTH DATA ELEMENTS
- fixed length control field: 211105|| aca||aabn | a|a d
040 ## - CATALOGING SOURCE
- Original cataloging agency: OSt
- Transcribing agency: OSt
100 ## - HEADING--PERSONAL NAME
- Personal name: Khesin, Boris., ed
670 ## - SOURCE DATA FOUND
- Source citation: Work cat.: (OSt): Lectures Given At the C.I.M.E Summer School Cetraro, Italy 2001 July 2-10 36927, Lectures on topological Fluid Mechanics, 2009